Corporate culture and economic theory (Registro nro. 12626)

Detalles MARC
000 -CABECERA
Campo de control 005780000a22001930004500
090 ## - CLASIFICACIÓN LOCAL
Colección AR
Consecutivo 03576
041 0# - IDIOMA
Código de idioma para texto/pista de sonido o título separado
044 ## - PAÍS DE PUBLICACIÓN
País de publicación
100 1# - ASIENTO PRINCIPAL--NOMBRE PERSONAL
Nombre personal kreps, David M.
245 10 - MENCION DE TITULO
Título Corporate culture and economic theory
260 ## - PUBLICACION, DISTRIBUCION, ETC. (PIE DE IMPRENTA)
Lugar de publicación, distribución, etc. New York
Nombre del editor, distribuidor, etc. Cambridge University Press
Fecha de publicación, distribución, etc. 1990
300 ## - DESCRIPCION FISICA
Extensión p. 90-143
500 ## - NOTA GENERAL
Nota general <Colección uso y valoración>
650 14 - ASIENTO SECUNDARIO DE MATERIA - TERMINO TEMATICO
Término temático o nombre geográfico como elemento de entrada Teoría de la economía
650 14 - ASIENTO SECUNDARIO DE MATERIA - TERMINO TEMATICO
Término temático o nombre geográfico como elemento de entrada Economía política
650 14 - ASIENTO SECUNDARIO DE MATERIA - TERMINO TEMATICO
Término temático o nombre geográfico como elemento de entrada Aspectos culturales
773 1# - Item fuente:
Título Perspectives on positive political economy
942 ## - ELEMENTOS ADICIONALES (KOHA)
Tipo de ítem Artículo
Existencias
Withdrawn status Lost status Damaged status No para préstamo Colección Ubicación Permanente Ubicación actual Fecha de adquisición Fuente de Valor Datos de publicación Seriada Total Checkouts Número topográfico Inventario / Código de Barras Date last seen Ejemplar Price effective from Tipo de material
      No para Préstamo Hemeroteca Bogotá Bogotá 27/02/2015 Cavelier, Inés Fuera de circulación   AR 03576 017132 25/03/2015 1 25/03/2015 Artículo